| 000 | 00572nam a2200181Ia 4500 | ||
|---|---|---|---|
| 003 | GCL | ||
| 008 | 140319s9999 xx 000 0 ara d | ||
| 040 |
_aGCL / _cGCL |
||
| 082 | 0 | 4 |
_a616.0194 _bع ا |
| 100 | 1 | _aعبدالهادى مصباح المهدى | |
| 245 | 1 | 0 |
_aاسرار المناعة من الانفلوانزا الى السرطان والايدز / _cعبدالهادى مصباح المهدى |
| 300 | _a190 ص | ||
| 490 | _a | ||
| 650 | 0 | 4 | _aامراض فيروسية |
| 650 | 0 | 4 | _aالايدز |
| 650 | 0 | 4 | _aالمناعة، علم |
| 942 |
_2ddc _cBK |
||
| 999 |
_c44852 _d44852 |
||